000 00698nam a2200241 a 4500
003 DO-SdBNP
005 20260321073645.0
007 ta
008 091204s2001 dr 000 f spa d
020 _a9993476021
040 _aDO-SdBNP
_bspa
_cBNPHU
082 4 _aRD863.44
_bB742m 2001
_222
100 1 _a Bosch, Juan,
_d1909-2001
_976555
245 1 3 _aLa maƱosa :
_bnovela /
_cJuan Bosch.
250 _a27a. ed.
260 _aSanto Domingo :
_bAlfa y Omega,
_c2001.
300 _a220 p. ;
_c21 cm.
590 _aInventariado, 2022 / YL
650 0 _aNovela dominicana
_9223
650 0 _aLiteratura dominicana.
_967
910 _aYLockward/Validado. Control de calidad MFF
942 _2ddc
_cLBS1
999 _c52863
_d52863